000 00773nam a2200253Ia 4500
003 OSt
005 20220926014824.0
006 a|||||r|||| 00| 0
007 ta
008 220923b |||||||| |||| 00| 0 eng d
020 _a0416603416
037 _cGeneral Book
040 _aRTL
_cRTL
_beng
041 _2eng
_aeng
082 _aY:3(NW).55.N8, M6
100 _aRentschler Eric Ed.
_9321150
245 0 _aGerman film and literature
_bAdaptations and transformations
260 _aNew York
_bMethuen
_c1986
300 _ax,385p
_ccm.
500 _aBibliography chapterwise & P 366-78; Appendix P 322-78
650 _aFine Art Society
_9239872
942 _hY:3(NW).55.N8, M6
_cGB
_2CC
999 _c629913
_d629913